[Event "POL-ch U26"]
[Site "Poland"]
[Date "1998.??.??"]
[Round "?"]
[White "Skaruz, Jaroslaw"]
[Black "Adamski, Jan"]
[Result "0-1"]
[WhiteElo "2125"]
[BlackElo "2345"]
[PlyCount "60"]
[EventDate "1998.??.??"]
[EventType "swiss"]
[EventRounds "9"]
[EventCountry "POL"]
[SourceTitle "EXT 2002"]
[Source "ChessBase"]
[SourceDate "2001.11.25"]
[SourceVersion "1"]
[SourceVersionDate "2001.11.25"]
[SourceQuality "1"]

1. e4 c5 2. Nf3 e6 3. d4 cxd4 4. Nxd4 Qb6 5. Nb3 Qc7 6. Bd3 Nf6 7. 0-0 d6 8. Nc3 a6 9. a4 b6 10. Bg5 Be7 11. Qe2 Bb7 12. Rae1 Nc6 13. f4 h6 14. Bxf6 Bxf6 15. f5 0-0 16. fxe6 fxe6 17. Qg4 Qe7 18. Ne2 Bxb2 19. Rxf8+ Rxf8 20. Nf4 Rf6 21. Nh5 Rf7 22. Qe2 Be5 23. Ng3 Qg5 24. Qe3 Qxe3+ 25. Rxe3 Rc7 26. Bc4 Nd4 27. Bf1 Rxc2 28. Rd3 Nxb3 29. Rxb3 Bd4+ 30. Kh1 Rc1 0-1

[Event "Poznan op"]
[Site "Poznan"]
[Date "1996.??.??"]
[Round "8"]
[White "Olenderek, Tomasz"]
[Black "Skaruz, Jaroslaw"]
[Result "0-1"]
[WhiteElo "2220"]
[BlackElo "2090"]
[PlyCount "66"]
[EventDate "1996.??.??"]
[EventType "swiss"]
[EventRounds "9"]
[EventCountry "POL"]
[SourceTitle "EXT 2006"]
[Source "ChessBase"]
[SourceDate "2005.11.24"]
[SourceVersion "1"]
[SourceVersionDate "2005.11.24"]
[SourceQuality "1"]

1. d4 d5 2. Nf3 Nf6 3. c4 c6 4. Qc2 e6 5. g3 Bd6 6. Nbd2 0-0 7. Bg2 Nbd7 8. 0-0 b6 9. cxd5 cxd5 10. Qc6 Qc7 11. Qxa8 Ba6 12. Qxf8+ Bxf8 13. Re1 Nb8 14. Nf1 Bd6 15. Ne3 Ne4 16. Bd2 Nc6 17. Rac1 Qd7 18. Bc3 Nxc3 19. bxc3 Na5 20. Nd2 Ba3 21. Rc2 Qa4 22. Bf1 f5 23. f4 Bd6 24. Rb1 g5 25. Nb3 Nc4 26. Nxc4 dxc4 27. Na1 gxf4 28. Kf2 Bb7 29. Bg2 Bxg2 30. Kxg2 Qc6+ 31. Kh3 fxg3 32. hxg3 Qe4 33. Rf1 Qg4+ 0-1

[Event "Poznan op"]
[Site "Poznan"]
[Date "1996.??.??"]
[Round "5"]
[White "Skaruz, Jaroslaw"]
[Black "Bielczyk, Jacek"]
[Result "0-1"]
[WhiteElo "2090"]
[BlackElo "2360"]
[PlyCount "92"]
[EventDate "1996.??.??"]
[EventType "swiss"]
[EventRounds "9"]
[EventCountry "POL"]
[SourceTitle "EXT 2006"]
[Source "ChessBase"]
[SourceDate "2005.11.24"]
[SourceVersion "1"]
[SourceVersionDate "2005.11.24"]
[SourceQuality "1"]

1. e4 c5 2. c3 d6 3. d4 Nf6 4. Bd3 Nc6 5. Ne2 e5 6. 0-0 Be7 7. f4 cxd4 8. cxd4 exd4 9. Na3 0-0 10. Nc2 Qb6 11. b3 d5 12. exd5 Nxd5 13. Kh1 Bg4 14. Bb2 Bf6 15. h3 Bxe2 16. Qxe2 Ndb4 17. Nxb4 Nxb4 18. Rfd1 Rfe8 19. Qf2 Nxd3 20. Rxd3 Re3 21. Rad1 Rxd3 22. Rxd3 Rd8 23. Qd2 h6 24. Rf3 Qc6 25. Rf1 d3 26. Rd1 Re8 27. Be5 Bxe5 28. fxe5 Rd8 29. Qe3 d2 30. Qe2 a5 31. Kh2 Qd5 32. Qe3 b5 33. Qe2 b4 34. Qe3 Kf8 35. Qg3 Qe4 36. Kh1 Qe2 37. Qf3 Qe1+ 38. Kh2 Qxe5+ 39. Kh1 Qe1+ 40. Kh2 Re8 41. Qg4 Re6 42. Qf3 Qe5+ 43. Kh1 Qc3 44. Qa8+ Re8 45. Qd5 Re1+ 46. Kh2 Qc7+ 0-1

[Event "Poznan op"]
[Site "Poznan"]
[Date "1996.??.??"]
[Round "2"]
[White "Szymanski, Bronislaw"]
[Black "Skaruz, Jaroslaw"]
[Result "0-1"]
[WhiteElo "1800"]
[BlackElo "2090"]
[PlyCount "52"]
[EventDate "1996.??.??"]
[EventType "swiss"]
[EventRounds "9"]
[EventCountry "POL"]
[SourceTitle "EXT 2006"]
[Source "ChessBase"]
[SourceDate "2005.11.24"]
[SourceVersion "1"]
[SourceVersionDate "2005.11.24"]
[SourceQuality "1"]

1. e4 e6 2. Nf3 d5 3. exd5 exd5 4. d4 Nf6 5. Nc3 Bb4 6. Bd2 0-0 7. h3 Re8+ 8. Be2 Qe7 9. Ne5 Bxc3 10. Bxc3 Ne4 11. Bd2 Nd7 12. Be3 Nxe5 13. dxe5 Qxe5 14. c3 Ng3 15. Rg1 Nf5 16. Bd4 Qe7 17. Kf1 c5 18. Be3 Qf6 19. Bf3 Rxe3 20. Qxd5 Re5 21. Qd2 b6 22. Re1 Ba6+ 23. Re2 Rd8 24. Qxd8+ Qxd8 25. Ke1 Bxe2 26. Bxe2 Qd3 0-1